<?xml version="1.0" encoding="UTF-8"?>
<record
    xmlns:xsi="http://www.w3.org/2001/XMLSchema-instance"
    xsi:schemaLocation="http://www.loc.gov/MARC21/slim http://www.loc.gov/standards/marcxml/schema/MARC21slim.xsd"
    xmlns="http://www.loc.gov/MARC21/slim">

  <leader>04014namaa22004211i 4500</leader>
  <controlfield tag="003">OSt</controlfield>
  <controlfield tag="005">20260611114104.0</controlfield>
  <controlfield tag="008">250827s2025    ua a|||frm||| 000 0 eng d</controlfield>
  <datafield tag="040" ind1=" " ind2=" ">
    <subfield code="a">EG-GICUC</subfield>
    <subfield code="b">ara</subfield>
    <subfield code="c">EG-GICUC</subfield>
    <subfield code="d">EG-GICUC</subfield>
    <subfield code="e">rda</subfield>
  </datafield>
  <datafield tag="041" ind1="0" ind2=" ">
    <subfield code="a">ara</subfield>
    <subfield code="b">ara</subfield>
    <subfield code="b">eng</subfield>
  </datafield>
  <datafield tag="049" ind1=" " ind2=" ">
    <subfield code="a">&#x625;&#x64A;&#x62F;&#x627;&#x639;</subfield>
  </datafield>
  <datafield tag="082" ind1="0" ind2="4">
    <subfield code="a">250</subfield>
  </datafield>
  <datafield tag="092" ind1=" " ind2=" ">
    <subfield code="a">250</subfield>
    <subfield code="2">21</subfield>
  </datafield>
  <datafield tag="097" ind1=" " ind2=" ">
    <subfield code="a">&#x62F;&#x643;&#x62A;&#x648;&#x631;&#x627;&#x647;&#x200E;</subfield>
  </datafield>
  <datafield tag="099" ind1=" " ind2=" ">
    <subfield code="a">Cai01.06.04.Ph.D.2025.&#x639;&#x631;.&#x62A;</subfield>
  </datafield>
  <datafield tag="100" ind1="0" ind2=" ">
    <subfield code="a">&#x60C;&#x639;&#x631;&#x627;&#x642;&#x64A; &#x641;&#x62A;&#x62D; &#x627;&#x644;&#x644;&#x647; &#x62D;&#x633;&#x646; &#x645;&#x633;&#x644;&#x645;</subfield>
    <subfield code="e">&#x625;&#x639;&#x62F;&#x627;&#x62F;.</subfield>
  </datafield>
  <datafield tag="245" ind1="1" ind2="0">
    <subfield code="a">&#x627;&#x644;&#x62A;&#x631;&#x62C;&#x64A;&#x62D; &#x628;&#x623;&#x633;&#x628;&#x627;&#x628; &#x627;&#x644;&#x646;&#x632;&#x648;&#x644; &#x641;&#x64A; &#x627;&#x644;&#x623;&#x62D;&#x643;&#x627;&#x645; &#x627;&#x644;&#x645;&#x62A;&#x639;&#x644;&#x642;&#x629; &#x628;&#x627;&#x644;&#x646;&#x633;&#x627;&#x621; /</subfield>
    <subfield code="c">&#x625;&#x639;&#x62F;&#x627;&#x62F; &#x639;&#x631;&#x627;&#x642;&#x64A; &#x641;&#x62A;&#x62D; &#x627;&#x644;&#x644;&#x647; &#x62D;&#x633;&#x646; &#x645;&#x633;&#x644;&#x645;&#x61B; &#x625;&#x634;&#x631;&#x627;&#x641; &#x623;.&#x62F;.&#x645;&#x62D;&#x645;&#x62F; &#x642;&#x627;&#x633;&#x645; &#x645;&#x62D;&#x645;&#x648;&#x62F; &#x627;&#x644;&#x645;&#x646;&#x633;&#x64A;&#x60C; &#x623;.&#x62F;.&#x639;&#x628;&#x62F; &#x627;&#x644;&#x646;&#x627;&#x635;&#x631; &#x62B;&#x627;&#x628;&#x62A; &#x62D;&#x627;&#x645;&#x62F;.                            </subfield>
  </datafield>
  <datafield tag="246" ind1="1" ind2="5">
    <subfield code="a">Weighing the reasons for revelation rulings related to women /</subfield>
  </datafield>
  <datafield tag="264" ind1=" " ind2="0">
    <subfield code="c">2025.</subfield>
  </datafield>
  <datafield tag="300" ind1=" " ind2=" ">
    <subfield code="a">327 &#x648;&#x631;&#x642;&#x629; :</subfield>
    <subfield code="b">&#x625;&#x64A;&#x636;&#x627;&#x62D;&#x64A;&#x627;&#x62A; &#x61B; </subfield>
    <subfield code="c">30 &#x633;&#x645;. + </subfield>
    <subfield code="e">CD.</subfield>
  </datafield>
  <datafield tag="336" ind1=" " ind2=" ">
    <subfield code="a">text</subfield>
    <subfield code="2">rda content</subfield>
  </datafield>
  <datafield tag="337" ind1=" " ind2=" ">
    <subfield code="a">Unmediated</subfield>
    <subfield code="2">rdamedia</subfield>
  </datafield>
  <datafield tag="338" ind1=" " ind2=" ">
    <subfield code="a">volume</subfield>
    <subfield code="2">rdacarrier</subfield>
  </datafield>
  <datafield tag="502" ind1=" " ind2=" ">
    <subfield code="a">&#x623;&#x637;&#x631;&#x648;&#x62D;&#x629; (&#x62F;&#x643;&#x62A;&#x648;&#x631;&#x627;&#x647;)-&#x62C;&#x627;&#x645;&#x639;&#x629; &#x627;&#x644;&#x642;&#x627;&#x647;&#x631;&#x629;&#x60C; 2025.  </subfield>
  </datafield>
  <datafield tag="504" ind1=" " ind2=" ">
    <subfield code="a">&#x628;&#x628;&#x644;&#x64A;&#x648;&#x62C;&#x631;&#x627;&#x641;&#x64A;&#x627;: &#x635;&#x641;&#x62D;&#x627;&#x62A; 307-324.</subfield>
  </datafield>
  <datafield tag="520" ind1=" " ind2=" ">
    <subfield code="a">&#x627;&#x644;&#x62A;&#x631;&#x62C;&#x64A;&#x62D;&#x64F; &#x628;&#x623;&#x633;&#x628;&#x627;&#x628;&#x650; &#x627;&#x644;&#x646;&#x632;&#x648;&#x644;&#x650; &#x641;&#x64A; &#x627;&#x644;&#x623;&#x62D;&#x643;&#x627;&#x645;&#x650; &#x627;&#x644;&#x645;&#x62A;&#x639;&#x644;&#x642;&#x629;&#x650; &#x628;&#x627;&#x644;&#x646;&#x633;&#x627;&#x621;&#x650;)" &#x648;&#x62C;&#x627;&#x621; &#x641;&#x64A; &#x645;&#x642;&#x62F;&#x645;&#x629;&#x60C; &#x648;&#x62A;&#x645;&#x647;&#x64A;&#x62F;&#x60C; &#x648;&#x641;&#x635;&#x644;&#x64A;&#x646;&#x60C; &#x648;&#x62E;&#x627;&#x62A;&#x645;&#x629;&#x60C;  &#x648;&#x641;&#x647;&#x627;&#x631;&#x633;: &#x641;&#x627;&#x644;&#x62A;&#x645;&#x647;&#x64A;&#x62F;: &#x62C;&#x627;&#x621; &#x641;&#x64A; &#x627;&#x644;&#x62A;&#x639;&#x631;&#x64A;&#x641; &#x628;&#x645;&#x635;&#x637;&#x644;&#x62D;&#x627;&#x62A; &#x627;&#x644;&#x628;&#x62D;&#x62B;&#x60C; &#x648;&#x641;&#x648;&#x627;&#x626;&#x62F; &#x623;&#x633;&#x628;&#x627;&#x628; &#x627;&#x644;&#x646;&#x632;&#x648;&#x644;&#x60C; &#x648;&#x637;&#x631;&#x642; &#x627;&#x644;&#x645;&#x639;&#x631;&#x641;&#x629; &#x648;&#x636;&#x648;&#x627;&#x628;&#x637;  &#x627;&#x644;&#x62A;&#x631;&#x62C;&#x64A;&#x62D; &#x628;&#x623;&#x633;&#x628;&#x627;&#x628; &#x627;&#x644;&#x646;&#x632;&#x648;&#x644;&#x60C; &#x648;&#x623;&#x62B;&#x631;&#x647;&#x627; &#x641;&#x64A; &#x627;&#x644;&#x62E;&#x637;&#x627;&#x628; &#x627;&#x644;&#x634;&#x631;&#x639;&#x64A; &#x644;&#x644;&#x645;&#x631;&#x623;&#x629;: &#x648;&#x641;&#x64A;&#x647; &#x645;&#x628;&#x627;&#x62D;&#x62B;: &#x648;&#x623;&#x645;&#x627; &#x627;&#x644;&#x641;&#x635;&#x644; &#x627;&#x644;&#x623;&#x648;&#x644;: &#x627;&#x644;&#x62A;&#x631;&#x62C;&#x64A;&#x62D; &#x628;&#x623;&#x633;&#x628;&#x627;&#x628; &#x627;&#x644;&#x646;&#x632;&#x648;&#x644; &#x641;&#x64A; &#x623;&#x62D;&#x643;&#x627;&#x645; &#x627;&#x644;&#x639;&#x628;&#x627;&#x62F;&#x627;&#x62A; &#x648;&#x627;&#x644;&#x627;&#x646;&#x643;&#x62D;&#x629; &#x627;&#x644;&#x645;&#x62A;&#x639;&#x644;&#x642;&#x629; &#x628;&#x627;&#x644;&#x645;&#x631;&#x623;&#x629;: &#x648;&#x641;&#x64A;&#x647; &#x645;&#x628;&#x627;&#x62D;&#x62B;: &#x648;&#x627;&#x644;&#x641;&#x635;&#x644; &#x627;&#x644;&#x62B;&#x627;&#x646;&#x64A;:  &#x623;&#x62D;&#x643;&#x627;&#x645; &#x627;&#x644;&#x637;&#x644;&#x627;&#x642;&#x60C; &#x648;&#x627;&#x644;&#x62D;&#x64A;&#x636;&#x60C;  &#x648;&#x627;&#x644;&#x639;&#x62F;&#x629;&#x60C; &#x648;&#x627;&#x644;&#x646;&#x641;&#x642;&#x629; &#x60C; &#x648;&#x627;&#x644;&#x645;&#x64A;&#x631;&#x627;&#x62B;&#x60C; &#x648;&#x627;&#x644;&#x644;&#x639;&#x627;&#x646;&#x60C; &#x648;&#x627;&#x644;&#x638;&#x647;&#x627;&#x631;&#x60C; &#x648;&#x627;&#x644;&#x62D;&#x62F;&#x648;&#x62F;&#x60C; &#x648;&#x627;&#x644;&#x62C;&#x646;&#x627;&#x64A;&#x627;&#x62A;&#x60C; &#x648;&#x627;&#x644;&#x645;&#x644;&#x627;&#x628;&#x633;: &#x648;&#x641;&#x64A;&#x647; &#x645;&#x628;&#x627;&#x62D;&#x62B;: &#x62B;&#x645; &#x627;&#x644;&#x62E;&#x627;&#x62A;&#x640;&#x640;&#x645;&#x640;&#x640;&#x629;: &#x648;&#x641;&#x64A;&#x647;&#x627; &#x630;&#x643;&#x631;&#x62A; &#x623;&#x647;&#x645;&#x64E;&#x651; &#x627;&#x644;&#x646;&#x62A;&#x627;&#x626;&#x62C; &#x648;&#x627;&#x644;&#x62A;&#x648;&#x635;&#x64A;&#x627;&#x62A; &#x627;&#x644;&#x62A;&#x64A; &#x62A;&#x648;&#x635;&#x644; &#x625;&#x644;&#x64A;&#x647;&#x627; &#x627;&#x644;&#x628;&#x62D;&#x62B;&#x60C; &#x62B;&#x645; &#x62E;&#x62A;&#x645;&#x62A; &#x628;&#x627;&#x644;&#x641;&#x647;&#x627;&#x631;&#x633; &#x627;&#x644;&#x645;&#x646;&#x627;&#x633;&#x628;&#x629;.</subfield>
  </datafield>
  <datafield tag="520" ind1=" " ind2=" ">
    <subfield code="a">It is divided into an introduction, a preface, two chapters, a conclusion, and indexes: The preface: It defines the research terms, the benefits of the reasons for revelation, the methods of knowledge and the controls of preference based on the reasons for revelation, and their impact on the legal discourse of women. It contains discussions. As for the first chapter: Preference based on the reasons for revelation in the rulings of worship and marriages related to women. It contains discussions. The second chapter: The rulings on divorce, menstruation, waiting period, maintenance, inheritance, cursing, zihar, the prescribed punishments, crimes, and clothing. It contains discussions. Then the conclusion: In it, I mentioned the most important results and recommendations that the research reached, and then concluded with the appropriate indexes.</subfield>
  </datafield>
  <datafield tag="530" ind1=" " ind2=" ">
    <subfield code="a">&#x635;&#x62F;&#x631; &#x623;&#x64A;&#x636;&#x64B;&#x627; &#x643;&#x642;&#x631;&#x635; &#x645;&#x62F;&#x645;&#x62C;.</subfield>
  </datafield>
  <datafield tag="546" ind1=" " ind2=" ">
    <subfield code="a">&#x627;&#x644;&#x646;&#x635; &#x628;&#x627;&#x644;&#x639;&#x631;&#x628;&#x64A;&#x629; &#x648;&#x627;&#x644;&#x645;&#x644;&#x62E;&#x635; &#x628;&#x627;&#x644;&#x644;&#x63A;&#x629; &#x627;&#x644;&#x625;&#x646;&#x62C;&#x644;&#x64A;&#x632;&#x64A;&#x629; &#x648;&#x627;&#x644;&#x639;&#x631;&#x628;&#x64A;&#x629;.</subfield>
  </datafield>
  <datafield tag="650" ind1=" " ind2="7">
    <subfield code="a">&#x627;&#x644;&#x634;&#x631;&#x64A;&#x639;&#x629; &#x627;&#x644;&#x625;&#x633;&#x644;&#x627;&#x645;&#x64A;&#x629;</subfield>
    <subfield code="2">qrmak</subfield>
  </datafield>
  <datafield tag="653" ind1=" " ind2="0">
    <subfield code="a">&#x627;&#x644;&#x62A;&#x631;&#x62C;&#x64A;&#x62D;&#x64F;</subfield>
    <subfield code="a">&#x627;&#x644;&#x623;&#x62D;&#x643;&#x627;&#x645;&#x650; &#x627;&#x644;&#x645;&#x62A;&#x639;&#x644;&#x642;&#x629;&#x650; &#x628;&#x627;&#x644;&#x646;&#x633;&#x627;&#x621;&#x650;</subfield>
  </datafield>
  <datafield tag="700" ind1="0" ind2=" ">
    <subfield code="a">&#x645;&#x62D;&#x645;&#x62F; &#x642;&#x627;&#x633;&#x645; &#x645;&#x62D;&#x645;&#x648;&#x62F; &#x627;&#x644;&#x645;&#x646;&#x633;&#x64A;              </subfield>
    <subfield code="e">&#x645;&#x634;&#x631;&#x641; &#x623;&#x637;&#x631;&#x648;&#x62D;&#x629;.</subfield>
  </datafield>
  <datafield tag="700" ind1="0" ind2=" ">
    <subfield code="a">&#x639;&#x628;&#x62F; &#x627;&#x644;&#x646;&#x627;&#x635;&#x631; &#x62B;&#x627;&#x628;&#x62A; &#x62D;&#x627;&#x645;&#x62F;</subfield>
    <subfield code="e">&#x645;&#x634;&#x631;&#x641; &#x623;&#x637;&#x631;&#x648;&#x62D;&#x629;.</subfield>
  </datafield>
  <datafield tag="900" ind1=" " ind2=" ">
    <subfield code="b">10-05-2025</subfield>
    <subfield code="c">&#x645;&#x62D;&#x645;&#x62F; &#x642;&#x627;&#x633;&#x645; &#x645;&#x62D;&#x645;&#x648;&#x62F; &#x627;&#x644;&#x645;&#x646;&#x633;&#x64A;              </subfield>
    <subfield code="c">&#x639;&#x628;&#x62F; &#x627;&#x644;&#x646;&#x627;&#x635;&#x631; &#x62B;&#x627;&#x628;&#x62A; &#x62D;&#x627;&#x645;&#x62F;</subfield>
    <subfield code="d">&#x645;&#x64F;&#x62D;&#x645;&#x62F; &#x635;&#x644;&#x627;&#x62D; &#x62D;&#x644;&#x645;&#x64A; </subfield>
    <subfield code="d">&#x639;&#x644;&#x64A; &#x639;&#x628;&#x62F;&#x64F; &#x627;&#x644;&#x642;&#x627;&#x62F;&#x631; &#x639;&#x62B;&#x645;&#x627;&#x646;</subfield>
    <subfield code="U">&#x62C;&#x627;&#x645;&#x639;&#x629; &#x627;&#x644;&#x642;&#x627;&#x647;&#x631;&#x629;</subfield>
    <subfield code="F">&#x643;&#x644;&#x64A;&#x629; &#x62F;&#x627;&#x631; &#x627;&#x644;&#x639;&#x644;&#x648;&#x645;</subfield>
    <subfield code="D">&#x642;&#x633;&#x645; &#x627;&#x644;&#x634;&#x631;&#x64A;&#x639;&#x629; &#x627;&#x644;&#x625;&#x633;&#x644;&#x627;&#x645;&#x64A;&#x629;</subfield>
  </datafield>
  <datafield tag="905" ind1=" " ind2=" ">
    <subfield code="a">Sara</subfield>
  </datafield>
  <datafield tag="942" ind1=" " ind2=" ">
    <subfield code="2">ddc</subfield>
    <subfield code="c">TH</subfield>
    <subfield code="e">21</subfield>
    <subfield code="n">0</subfield>
  </datafield>
  <datafield tag="999" ind1=" " ind2=" ">
    <subfield code="c">180502</subfield>
  </datafield>
  <datafield tag="952" ind1=" " ind2=" ">
    <subfield code="2">ddc</subfield>
    <subfield code="9">318992</subfield>
    <subfield code="a">CUCL</subfield>
    <subfield code="b">cl210</subfield>
    <subfield code="d">2026-06-11</subfield>
    <subfield code="i">33251</subfield>
    <subfield code="o">Cai01.06.04.Ph.D.2025.&#x639;&#x631;.&#x62A;</subfield>
    <subfield code="p">01010100033251000</subfield>
    <subfield code="r">2026-06-11 10:42:32</subfield>
    <subfield code="w">2026-06-11</subfield>
    <subfield code="y">TH</subfield>
  </datafield>
</record>
